000 00398nam a2200157Ia 4500
008 210716s2007 xx 000 0 und d
020 _a9788121905534
041 _aeng
082 _a160 AGGR
100 _aAggarwal, R S.
245 _aModern approach to non verbal reasoning.
250 _a1
260 _aNew Delhi
_bS Chand and Company Ltd
_c2007
300 _a431
650 _aAptitude Test
999 _c187860
_d187860